| 000 | 00733cam a22002413a 4500 | ||
|---|---|---|---|
| 001 | 20087 | ||
| 003 | PGUSA | ||
| 005 | 20140828083426.0 | ||
| 008 | 061210s2006||||xxu|||||s|||||000 1 eng d | ||
| 040 |
_aPGUSA _beng |
||
| 042 | _adc | ||
| 050 | 4 | _aPZ | |
| 100 | 1 |
_aPatchin, Frank Gee, _d1861-1925 |
|
| 245 | 1 | 4 |
_aThe Pony Rider Boys in Texas; Or, The Veiled Riddle of the Plains _h[electronic resource] / _cFrank Gee Patchin |
| 260 |
_bProject Gutenberg, _c2006 |
||
| 506 | _aPublic domain in the USA. | ||
| 516 | _aElectronic text | ||
| 653 | _aTexas -- Juvenile fiction | ||
| 653 | _aHorsemanship -- Juvenile fiction | ||
| 830 | 0 |
_aProject Gutenberg _v20087 |
|
| 856 | 4 | 0 | _uhttp://www.gutenberg.org/ebooks/20087 |
| 942 | _cEB | ||
| 999 |
_c249342 _d249342 |
||